|
|
|
|
| LEADER |
00000nas a2200000 a 4500 |
| 001 |
ssj0002356 |
| 003 |
WaSeSS |
| 005 |
20200512172242.0 |
| 006 |
m d |
| 007 |
cr n |
| 008 |
980417c19159999dcuuu ss f0 a0eng c |
| 010 |
|
|
|a 2007228616
|
| 022 |
|
|
|a 1944-8910
|l 0014-9209
|y 0014-9209
|
| 030 |
|
|
|a FDRBAU
|
| 035 |
|
|
|a (WaSeSS)ssj0002356
|
| 037 |
|
|
|a 81-225
|b LLMC
|
| 040 |
|
|
|a FGA
|b eng
|c FGA
|d OCL
|d OCLCQ
|d LLMC2
|d OCLCQ
|d OCL
|d CUS
|d DOS
|d GPO
|d SLU
|d DLC
|d OCLCQ
|d LLMC2
|d ZYU
|d SLU
|d OCLCQ
|d OCLCF
|d P4I
|d VT2
|d OCLCQ
|d GILDS
|d WaSeSS
|
| 042 |
|
|
|a pcc
|a nsdp
|
| 043 |
|
|
|a n-us---
|
| 050 |
1 |
4 |
|a HG2401
|b .A5
|
| 074 |
|
|
|a 0443-E-56 (online)
|
| 082 |
1 |
0 |
|a 332
|2 14
|
| 086 |
0 |
|
|a FR 1.3:
|
| 210 |
0 |
|
|a Fed. reserve bull.
|b (Online)
|
| 222 |
|
0 |
|a Federal reserve bulletin
|b (Online)
|
| 245 |
0 |
0 |
|a Federal reserve bulletin
|h [electronic resource].
|
| 246 |
1 |
|
|i Cited as:
|a Fed. Res. Bull
|
| 260 |
|
|
|a Washington :
|b Board of Governors of the Federal Reserve System
|
| 362 |
1 |
|
|a Print began with vol. 1, no. 1 (May 1, 1915).
|
| 506 |
|
|
|a License restrictions may limit access.
|
| 538 |
|
|
|a Mode of access: Internet at the Federal Reserve web site. Address as of 1/30/08: http://www.federalreserve.gov/pubs/bulletin/ ; current access available via PURL.
|
| 538 |
|
|
|a Mode of access: some issues available via Internet at the FRASER (Federal Reserve Archival Service for Economic Research Research) web site. Address as of 1/30/08: http://fraser.stlouisfed.org/publications/FRB/; current access available via PURL.
|
| 580 |
|
|
|a Financial and business statistics section continued in 2004 as: Statistical supplement to the Federal Reserve bulletin.
|
| 588 |
|
|
|a Description based on: Jan. 1936; title from title screen (viewed Jan. 31, 2007).
|
| 588 |
|
|
|a Latest issue consulted: Vol. 93 (2007).
|
| 650 |
|
0 |
|a Federal Reserve banks
|v Periodicals.
|
| 650 |
|
0 |
|a Banks and banking
|z United States
|v Periodicals.
|
| 650 |
|
7 |
|a Banks and banking.
|2 fast
|0 (OCoLC)fst00826867
|
| 650 |
|
7 |
|a Federal Reserve banks.
|2 fast
|0 (OCoLC)fst00922135
|
| 651 |
|
7 |
|a United States.
|2 fast
|0 (OCoLC)fst01204155
|
| 655 |
|
0 |
|a Electronic journals.
|
| 710 |
1 |
|
|a United States.
|b Federal Reserve Board.
|
| 710 |
2 |
|
|a Board of Governors of the Federal Reserve System (U.S.)
|
| 776 |
0 |
8 |
|i Print version:
|t Federal reserve bulletin
|x 0014-9209
|w (DLC) 15026318
|w (OCoLC)1606526
|
| 785 |
0 |
1 |
|t Statistical supplement to the Federal Reserve bulletin
|g 2004
|w (DLC) 2007228617
|w (OCoLC)65465910
|
| 856 |
4 |
0 |
|z Full text available from Research Library: 11/01/1987 to present
|u https://search.proquest.com/publication/41002
|